[Event "London Chess Classic FIDE Open"]
[Site "London ENG"]
[Date "2010.12.11"]
[Round "4"]
[White "Grochowalski, Pawel"]
[Black "Chapman, Terry P D"]
[Result "0-1"]
[WhiteElo "2062"]
[BlackElo "2249"]
[WhiteFideId "1115197"]
[BlackFideId "413399"]
[EventDate "2010.12.08"]

1. d4 Nf6 2. c4 c5 3. d5 b5 4. cxb5 a6 5. b6 e6 6. Nc3 exd5 7. Nxd5 Nxd5 8. Qxd5
Nc6 9. Nf3 Rb8 10. Ne5 Qf6 11. Nxc6 dxc6 12. Qe4+ Be7 13. g3 O-O 14. Bg2 Rxb6
15. O-O Be6 16. Qa4 Qd4 17. Qa5 Qb4 18. Qxb4 cxb4 19. Be3 c5 20. b3 Rc8 21. Rfd1
Rb5 22. Bd5 Ra5 23. Bxe6 fxe6 24. a4 c4 25. Rac1 Rd5 26. Rd4 Rxd4 27. Bxd4 c3
28. Kf1 Bf6 29. Bxf6 gxf6 30. Ke1 Kf7 31. e3 Rd8 32. Rd1 Rxd1+ 33. Kxd1 Kg6 34.
f3 e5 35. h3 Kf7 36. Kc2 f5 37. Kd1 Ke7 38. Kc2 Kf7 39. Kd1 h5 40. h4 Ke6 41.
Kc2 Kd5 42. Kc1 f4 43. gxf4 e4 44. fxe4+ Kxe4 45. Kc2 Kf5 0-1

[Event "London Chess Classic FIDE Open"]
[Site "London ENG"]
[Date "2010.12.11"]
[Round "4"]
[White "White, Michael J R"]
[Black "Szalontay, Mihaly"]
[Result "1-0"]
[WhiteTitle "FM"]
[WhiteElo "2247"]
[BlackElo "1977"]
[WhiteFideId "407380"]
[BlackFideId "746967"]
[EventDate "2010.12.08"]

1. d4 Nf6 2. c4 e5 3. dxe5 Ng4 4. Bf4 Nc6 5. Nf3 Bb4+ 6. Nbd2 Qe7 7. e3 Ngxe5 8.
Nxe5 Nxe5 9. Be2 a5 10. O-O d6 11. Nf3 Ng6 12. Bg3 h5 13. h3 h4 14. Bh2 b6 15.
a3 Bc5 16. b4 axb4 17. axb4 Rxa1 18. Qxa1 Bxe3 19. fxe3 Qxe3+ 20. Rf2 O-O 21.
Qd4 Re8 22. Qxe3 Rxe3 23. Nd4 Ba6 24. Rf3 Re4 25. b5 Bc8 26. Rd3 Ne5 27. Rd2 Be6
28. Nxe6 fxe6 29. Rc2 Kf7 30. Kf2 Kf6 31. Ra2 Ke7 32. Ra7 Kd7 33. Ra8 Nxc4 34.
Rg8 Nd2 35. Rxg7+ Kd8 36. g4 hxg3+ 37. Bxg3 Rb4 38. h4 Ne4+ 39. Kf3 Nxg3 40.
Kxg3 Rb1 41. Kf2 Rc1 42. h5 Ke8 43. h6 Kf8 44. Rd7 Kg8 45. Bd3 Rh1 46. h7+ Kh8
47. Rd8+ Kg7 48. Rg8+ 1-0

[Event "London Chess Classic FIDE Open"]
[Site "London ENG"]
[Date "2010.12.11"]
[Round "4"]
[White "Phillips, William"]
[Black "Coleman, David J"]
[Result "0-1"]
[BlackTitle "CM"]
[WhiteElo "1977"]
[BlackElo "2247"]
[WhiteFideId "414344"]
[BlackFideId "402087"]
[EventDate "2010.12.08"]

1. d4 Nf6 2. Nf3 e6 3. c4 Nc6 4. a3 d6 5. Nc3 g6 6. Bf4 Bg7 7. e3 O-O 8. Be2 Qe7
9. Bg3 h6 10. h4 e5 11. d5 Nb8 12. e4 a5 13. Nh2 Na6 14. f3 Nh5 15. Bf2 f5 16.
g4 Nf4 17. h5 fxg4 18. hxg6 Qg5 19. Nxg4 Ng2+ 20. Kf1 Bxg4 21. Rg1 Bh3 0-1

[Event "London Chess Classic FIDE Open"]
[Site "London ENG"]
[Date "2010.12.11"]
[Round "4"]
[White "Quillan, Gary"]
[Black "Warman, Simon M"]
[Result "1-0"]
[WhiteTitle "IM"]
[WhiteElo "2385"]
[BlackElo "2099"]
[WhiteFideId "401153"]
[BlackFideId "408867"]
[EventDate "2010.12.08"]

1. e4 c5 2. Nf3 e6 3. c3 d5 4. e5 Nc6 5. d4 Nge7 6. Be2 Ng6 7. O-O Be7 8. Re1
O-O 9. a3 Bd7 10. b4 b6 11. Be3 Qc7 12. Bd3 f5 13. exf6 Rxf6 14. Bxg6 Rxg6 15.
b5 cxd4 16. cxd4 Na5 17. Ne5 Rf6 18. Bg5 Bxb5 19. Bxf6 Bxf6 20. Nd2 Qc3 21. Ndf3
Nb3 22. Rb1 Bxe5 23. Rxb3 Qa5 24. Rxe5 Ba4 25. Qb1 1-0

[Event "London Chess Classic FIDE Open"]
[Site "London ENG"]
[Date "2010.12.11"]
[Round "4"]
[White "Millward, Richard"]
[Black "Britton, Richard L"]
[Result "0-1"]
[BlackTitle "FM"]
[WhiteElo "2107"]
[BlackElo "2229"]
[WhiteFideId "405698"]
[BlackFideId "401692"]
[EventDate "2010.12.08"]

1. e4 c5 2. Nf3 d6 3. d4 cxd4 4. Nxd4 Nf6 5. Nc3 a6 6. a4 e5 7. Nb3 Be6 8. Be2
Be7 9. O-O Nbd7 10. Be3 Rc8 11. f3 Qc7 12. Qd2 O-O 13. Kh1 Rfd8 14. f4 exf4 15.
Bxf4 Ne5 16. Nd4 Nc4 17. Bxc4 Qxc4 18. Nxe6 fxe6 19. Rae1 b5 20. axb5 axb5 21.
Qe2 b4 22. Qxc4 Rxc4 23. Na2 Rxc2 24. Nxb4 Rc4 25. Na2 Rxe4 26. Rxe4 Nxe4 27.
Re1 d5 28. Nc3 Nf2+ 29. Kg1 Nd3 30. Rxe6 Bc5+ 31. Be3 Kf7 32. Bxc5 Kxe6 33. Bd4
g6 34. Ne2 Rb8 0-1

[Event "London Chess Classic FIDE Open"]
[Site "London ENG"]
[Date "2010.12.11"]
[Round "4"]
[White "Stone, Andrew M"]
[Black "Bass, John W"]
[Result "1/2-1/2"]
[WhiteElo "2223"]
[BlackElo "2064"]
[WhiteFideId "404985"]
[BlackFideId "407925"]
[EventDate "2010.12.08"]

1. e4 c5 2. Nf3 e6 3. b3 b6 4. Bb2 Bb7 5. Qe2 Nf6 6. e5 Nd5 7. Nc3 Nxc3 8. Bxc3
Be7 9. O-O-O Na6 10. Kb1 Rc8 11. d3 Qc7 12. Nd2 Nb4 13. Ne4 Bxe4 14. dxe4 O-O
15. f4 a6 16. f5 Rfd8 17. f6 Bf8 18. h4 b5 19. fxg7 Bxg7 20. Rd6 Qa5 21. Bxb4 1/2-1/2

[Event "London Chess Classic FIDE Open"]
[Site "London ENG"]
[Date "2010.12.11"]
[Round "4"]
[White "Maduekwe, Chiedu"]
[Black "Obiamiwe, Paul"]
[Result "1-0"]
[WhiteElo "2185"]
[BlackElo "2021"]
[WhiteFideId "8500118"]
[BlackFideId "8500215"]
[EventDate "2010.12.08"]

1. d4 Nf6 2. c4 g6 3. Nc3 Bg7 4. e4 O-O 5. Be3 d6 6. f3 c5 7. Nge2 Nc6 8. d5 Ne5
9. Ng3 a6 10. Be2 h5 11. O-O Rb8 12. a4 b6 13. h3 Ne8 14. f4 Nd7 15. Bd3 Nc7 16.
Nge2 Qe8 17. Bf2 Bf6 18. Bg3 Qd8 19. Kh1 Bg7 20. Qd2 b5 21. axb5 axb5 22. cxb5
Nb6 23. b3 Bd7 24. Ra5 Nc8 25. e5 Be8 26. Bc4 Nb6 27. exd6 exd6 28. f5 Nc8 29.
Ne4 Bxb5 30. f6 Bh8 31. Qh6 Re8 32. Ng5 1-0

[Event "London Chess Classic FIDE Open"]
[Site "London ENG"]
[Date "2010.12.11"]
[Round "4"]
[White "Haria, Ravi"]
[Black "Ernst, Michael"]
[Result "1/2-1/2"]
[WhiteElo "1952"]
[BlackElo "2169"]
[WhiteFideId "415820"]
[BlackFideId "1618393"]
[EventDate "2010.12.08"]

1. e4 e6 2. d4 d5 3. e5 c5 4. c3 Nc6 5. Nf3 Qb6 6. a3 Nh6 7. b4 cxd4 8. cxd4 Nf5
9. Be3 f6 10. exf6 gxf6 11. Bd3 Nxe3 12. fxe3 e5 13. Nc3 Be6 14. e4 dxe4 15.
Nxe4 O-O-O 16. Nc5 Bxc5 17. dxc5 Qc7 18. Qc2 Qd7 19. O-O-O Nd4 20. Nxd4 Qxd4 21.
Kb1 Qh4 22. c6 Rd4 23. cxb7+ Kxb7 24. Ba6+ Kb8 25. Rc1 Qe4 26. Qxe4 Rxe4 27. Rc6
Bd5 28. Rxf6 Rg8 29. Rc1 Rh4 30. Rc5 Bxg2 31. Rb5+ Kc7 32. Rxe5 Rxh2 33. Re7+
Kd8 34. Rxa7 Be4+ 35. Kc1 Rg1+ 36. Bf1 Ke8 37. Re6+ Kd8 38. Rf7 Bg2 39. Rf8+ Kd7
40. Re1 Bxf1 41. Rfxf1 Rgg2 42. Rh1 Rc2+ 43. Kb1 Rb2+ 44. Kc1 Rhc2+ 1/2-1/2

[Event "London Chess Classic FIDE Open"]
[Site "London ENG"]
[Date "2010.12.11"]
[Round "4"]
[White "Cannon, Richard J"]
[Black "Boger, Raymond"]
[Result "1-0"]
[WhiteElo "2119"]
[BlackElo "1952"]
[WhiteFideId "408670"]
[BlackFideId "1507419"]
[EventDate "2010.12.08"]

1. e4 c5 2. Nf3 d6 3. Nc3 a6 4. a4 Nc6 5. d4 cxd4 6. Nxd4 Nf6 7. f4 Qa5 8. Nb3
Qb4 9. Qd3 e5 10. a5 d5 11. exd5 Nd4 12. fxe5 Nxb3 13. cxb3 Ng4 14. Ra4 Qxb3 15.
e6 Bb4 16. Bd2 O-O 17. Qe4 Bxc3 18. Bxc3 Nf6 19. Bxf6 gxf6 20. Bd3 1-0

[Event "London Chess Classic FIDE Open"]
[Site "London ENG"]
[Date "2010.12.11"]
[Round "4"]
[White "Lappas, Konstantinos"]
[Black "Van Heirzeele, Daniel"]
[Result "0-1"]
[WhiteElo "1858"]
[BlackElo "2114"]
[WhiteFideId "4275748"]
[BlackFideId "200425"]
[EventDate "2010.12.08"]

1. e4 c5 2. Nf3 d6 3. d4 cxd4 4. Nxd4 Nf6 5. Nc3 g6 6. Be3 a6 7. f3 Nbd7 8. Qd2
Bg7 9. g4 b5 10. O-O-O Bb7 11. h4 h5 12. g5 Nh7 13. Bd3 O-O 14. f4 e5 15. Nde2
Re8 16. Rhf1 exf4 0-1

[Event "London Chess Classic FIDE Open"]
[Site "London ENG"]
[Date "2010.12.11"]
[Round "4"]
[White "Bratteteig, Tore-Inge"]
[Black "Ledger, Dave J"]
[Result "0-1"]
[BlackTitle "FM"]
[WhiteElo "1656"]
[BlackElo "2261"]
[WhiteFideId "1510711"]
[BlackFideId "401986"]
[EventDate "2010.12.08"]

1. c4 Nf6 2. Nc3 g6 3. Nf3 Bg7 4. g3 d6 5. Bg2 O-O 6. O-O c6 7. d3 Qa5 8. e4 Qh5
9. Ne1 Qxd1 10. Nxd1 Nfd7 11. Rb1 a5 12. b3 Na6 13. a3 Nac5 14. f4 Rb8 15. b4
axb4 16. axb4 Ne6 17. Nf3 b5 18. Bb2 Bh6 19. Bc3 bxc4 20. dxc4 Ba6 21. Ne3 Nb6
22. b5 Na4 23. Ba1 cxb5 24. cxb5 Bxb5 25. Rfc1 Rfd8 26. Nd5 Kf8 27. Nd4 Bd7 28.
Kf2 Nec5 29. Ke3 Bg7 30. Bf1 e5 31. Nc2 Nb3 32. Re1 Rdc8 33. Bd3 Nac5 34. Red1
Nxd3 35. Rxd3 Nxa1 36. Rxa1 Rxc2 37. Ra7 Bg4 38. Rd2 Rb3+ 0-1

[Event "London Chess Classic FIDE Open"]
[Site "London ENG"]
[Date "2010.12.11"]
[Round "4"]
[White "Millward, Kevin P"]
[Black "Quinn, John M"]
[Result "1-0"]
[WhiteElo "1954"]
[BlackElo "2149"]
[WhiteFideId "404721"]
[BlackFideId "405043"]
[EventDate "2010.12.08"]

1. e4 c6 2. Nc3 d5 3. d3 e5 4. f4 exf4 5. Bxf4 Bb4 6. Bd2 dxe4 7. Nxe4 Bxd2+ 8.
Qxd2 Nf6 9. O-O-O Nxe4 10. Re1 Be6 11. Rxe4 Nd7 12. Nf3 Nf6 13. Re5 Qd6 14. Be2
O-O 15. Kb1 Bd5 16. Rg5 Rfe8 17. Nh4 Ne4 18. dxe4 Bxa2+ 19. Kc1 Qxd2+ 20. Kxd2
Rxe4 21. Nf5 g6 22. Bd3 Rd8 23. b3 Kf8 24. Ng3 Red4 25. Kc3 f5 26. Kb2 Bxb3 27.
Kxb3 a5 28. Nxf5 gxf5 29. Rxf5+ Kg7 30. Rxa5 h6 31. Re5 R8d7 32. Rhe1 R4d6 33.
Re7+ Kf6 34. Rxd7 Rxd7 35. Kc4 Rd5 36. Rf1+ Ke6 37. Rf3 Rg5 38. Re3+ Kd6 39. Rg3
b5+ 40. Kb3 1-0

[Event "London Chess Classic FIDE Open"]
[Site "London ENG"]
[Date "2010.12.11"]
[Round "4"]
[White "Zymberi, Astrit"]
[Black "Crichton, Martin"]
[Result "1-0"]
[WhiteElo "2148"]
[BlackElo "1978"]
[WhiteFideId "4700295"]
[BlackFideId "2500973"]
[EventDate "2010.12.08"]

1. d4 Nf6 2. c4 c5 3. d5 b5 4. cxb5 a6 5. bxa6 Bxa6 6. Nc3 d6 7. e4 Bxf1 8. Kxf1
g6 9. Nf3 Bg7 10. g3 O-O 11. h3 Nbd7 12. Kg2 Qa5 13. Re1 Rfb8 14. e5 dxe5 15.
Nxe5 Nxe5 16. Rxe5 Ra7 17. Qf3 Rd7 18. Re2 Qa8 19. Bf4 Rbd8 20. Rd1 Nxd5 21.
Rxd5 Rxd5 22. Nxd5 Rxd5 23. Rxe7 Rd8 24. Qxa8 Rxa8 25. b3 h5 26. Re2 Bc3 27. Be3
Bb4 28. Kf3 f6 29. Rc2 Kf7 30. a4 Rb8 31. Ke2 Ba3 32. Rc3 Ke6 33. Kd3 Kd5 34.
Kc2 Re8 35. Rc4 Re6 36. Rc3 Kc6 37. Bxc5 Bxc5 38. b4 Re2+ 39. Kb3 Rxf2 40. Rxc5+
Kb6 41. a5+ Ka6 42. Rc6+ Kb7 43. b5 g5 44. a6+ Ka7 45. Rc7+ Kb8 46. b6 Rf3+ 47.
Kb4 1-0

[Event "London Chess Classic FIDE Open"]
[Site "London ENG"]
[Date "2010.12.11"]
[Round "4"]
[White "Barton, R Alan"]
[Black "Wernet, Andreas"]
[Result "1-0"]
[WhiteElo "2103"]
[BlackElo "1978"]
[WhiteFideId "404233"]
[BlackFideId "24677787"]
[EventDate "2010.12.08"]

1. d4 f5 2. Qd3 d6 3. e4 g6 4. Nc3 fxe4 5. Qxe4 Nf6 6. Qh4 Bf5 7. Bb5+ c6 8. Ba4
Qb6 9. Nge2 Nbd7 10. Bb3 Bg7 11. h3 e5 12. Be3 Qa5 13. O-O d5 14. dxe5 Nxe5 15.
Nd4 O-O 16. f4 Nc4 17. Nxf5 gxf5 18. Bxc4 dxc4 19. Bd4 Rad8 20. Be5 Rd2 21. Rf3
Qd8 22. Rg3 Ne8 23. Qh5 Kh8 24. Qh6 Rg8 25. Qe6 Rf8 26. Re1 Qh4 27. Kh2 Bxe5 28.
Qxe5+ Nf6 29. Re2 Rd7 30. Qxf5 Rdf7 31. Qe5 h6 32. Ne4 Kh7 33. Nxf6+ Qxf6 34.
Qxf6 Rxf6 35. Re7+ R8f7 36. Rxf7+ Rxf7 37. Rf3 Kg7 38. g4 Rd7 39. Kg3 Rd2 40.
Rf2 c3 41. bxc3 Rd5 42. c4 Ra5 43. c3 Ra3 44. Rc2 Ra4 45. c5 Ra5 46. Rb2 Kf6 47.
Rxb7 Rxa2 48. Rc7 Ra3 49. Rxc6+ Kg7 50. Kh4 a5 51. Ra6 Ra4 52. f5 Ra3 53. c4 Kh7
54. Ra7+ Kg8 55. c6 1-0

[Event "London Chess Classic FIDE Open"]
[Site "London ENG"]
[Date "2010.12.11"]
[Round "4"]
[White "Schmitz, Tim"]
[Black "McKenna, Jason P"]
[Result "1/2-1/2"]
[WhiteElo "1934"]
[BlackElo "2081"]
[WhiteFideId "1270221"]
[BlackFideId "403857"]
[EventDate "2010.12.08"]

1. e4 g6 2. d4 Bg7 3. Nc3 d6 4. Be3 c6 5. Qd2 Nf6 6. f3 b5 7. Nge2 Nbd7 8. a3 a6
9. Bh6 Bxh6 10. Qxh6 Rg8 11. Qg5 Qc7 12. g3 c5 13. dxc5 dxc5 14. Bg2 Bb7 15. Qf4
Qxf4 16. Nxf4 g5 17. Nd3 g4 18. f4 c4 19. Nf2 Nc5 20. O-O-O Rd8 21. Rhe1 e6 22.
Bh1 Rxd1+ 1/2-1/2

[Event "London Chess Classic FIDE Open"]
[Site "London ENG"]
[Date "2010.12.11"]
[Round "4"]
[White "Jones, Chris S"]
[Black "Lang, Alexander"]
[Result "1/2-1/2"]
[WhiteElo "1848"]
[BlackElo "2079"]
[WhiteFideId "414905"]
[BlackFideId "4645588"]
[EventDate "2010.12.08"]

1. e4 c6 2. d4 d5 3. Nc3 dxe4 4. Nxe4 Bf5 5. Ng3 Bg6 6. Nf3 Nd7 7. Bd3 Ngf6 8.
O-O e6 9. Re1 Be7 10. Bf4 Nd5 11. Bd2 Bxd3 12. cxd3 O-O 13. a3 Re8 14. Ne4 Nf8
15. g3 Qc7 16. Rc1 Qb6 17. b4 Rad8 18. Nc5 h6 19. Ne5 Nf6 20. Bc3 Rd5 21. Qf3
Qc7 22. Bb2 Red8 23. Nb3 Bd6 24. Na5 Bxe5 25. Rxe5 Ng6 26. Rxd5 Rxd5 27. Rc5 Qd7
28. Rxd5 cxd5 29. Qd1 Ne7 30. Qc1 b6 31. Nb3 Ne8 32. Nd2 Qa4 33. Kf1 f6 34. Ke2
Qd7 35. Nf3 Nd6 36. Qc2 Nf7 37. Bc1 Nf5 38. Bb2 Ng5 39. Nxg5 hxg5 40. a4 Kf7 1/2-1/2

[Event "London Chess Classic FIDE Open"]
[Site "London ENG"]
[Date "2010.12.11"]
[Round "4"]
[White "Burke, John S"]
[Black "Costello, Colin A"]
[Result "1-0"]
[WhiteElo "2078"]
[BlackElo "1977"]
[WhiteFideId "404322"]
[BlackFideId "403580"]
[EventDate "2010.12.08"]

1. b4 e5 2. Bb2 Bxb4 3. Bxe5 Nf6 4. Nf3 Nc6 5. Bb2 d5 6. e3 O-O 7. c4 Re8 8. a3
Bf8 9. d4 Bg4 10. cxd5 Qxd5 11. Be2 Rad8 12. Nbd2 Ne4 13. h3 Bh5 14. Nxe4 Qxe4
15. O-O Bg6 16. Qb3 Qc2 17. Bc4 Qxb3 18. Bxb3 Na5 19. Ba2 c5 20. Bc3 Nc6 21. d5
Ne7 22. Rfd1 Nc8 23. Ne5 Nd6 24. f3 Bc2 25. Rd2 Ba4 26. e4 Nb5 27. Bb2 Nd4 28.
Nc4 Bb5 29. Rb1 Bxc4 30. Bxc4 b6 31. Kf1 Bd6 32. Bc3 Be5 33. Ba1 Rd6 34. a4 f5
35. Bxd4 Bxd4 36. exf5 Kf7 37. Re2 Rxe2 38. Kxe2 Kf6 39. f4 Kxf5 40. Kf3 Kf6 41.
Re1 a6 42. Rb1 a5 43. Re1 g5 44. g4 h6 45. Re8 Kf7 46. Rb8 gxf4 47. Kxf4 Rf6+
48. Ke4 Kg6 49. Rg8+ Kh7 50. Rd8 Kg7 51. d6 Rf8 52. Rd7+ Kf6 53. Re7 Rd8 54. Kd5
Kg5 55. Ke6 Bf6 56. d7 Rb8 57. h4+ 1-0

[Event "London Chess Classic FIDE Open"]
[Site "London ENG"]
[Date "2010.12.11"]
[Round "4"]
[White "Cork, David J"]
[Black "Nelson, Omowale"]
[Result "1/2-1/2"]
[WhiteElo "1841"]
[BlackElo "2063"]
[WhiteFideId "409723"]
[BlackFideId "7400209"]
[EventDate "2010.12.08"]

1. e4 c6 2. d4 d5 3. Nd2 dxe4 4. Nxe4 Bf5 5. Ng3 Bg6 6. N1e2 e6 7. Nf4 Bd6 8. h4
Qc7 9. h5 Bxc2 10. Qg4 f5 11. Qe2 Bxf4 12. Bxf4 Qxf4 13. Qxc2 Nd7 14. Bc4 O-O-O
15. O-O Ngf6 16. Bxe6 g6 17. d5 Kb8 18. dxc6 Rc8 19. Qd3 Nc5 20. Qc3 Nfe4 21.
Nxe4 Nxe6 22. Ng3 Nd4 23. Qc1 Qh4 24. Qc5 Nxc6 25. Rad1 Rcd8 26. Rd6 Kc7 27.
Rxc6+ bxc6 28. Qxa7+ Kc8 29. Qa8+ Kc7 30. Qa7+ 1/2-1/2

[Event "London Chess Classic FIDE Open"]
[Site "London ENG"]
[Date "2010.12.11"]
[Round "4"]
[White "Owen, Dennis"]
[Black "De Lagontrie, Jean"]
[Result "1/2-1/2"]
[WhiteElo "2045"]
[BlackElo "1948"]
[WhiteFideId "470830"]
[BlackFideId "605271"]
[EventDate "2010.12.08"]

1. e4 c5 2. Nf3 Nc6 3. c3 e6 4. d4 d5 5. e5 Qb6 6. a3 c4 7. Nbd2 f6 8. exf6 Nxf6
9. b3 cxb3 10. Nxb3 Bd6 11. Bd3 O-O 12. O-O e5 13. Nxe5 Nxe5 14. dxe5 Bxe5 15.
Nd4 Bxd4 16. cxd4 Bd7 17. Rb1 1/2-1/2

[Event "London Chess Classic FIDE Open"]
[Site "London ENG"]
[Date "2010.12.11"]
[Round "4"]
[White "Bishop, Geoffrey L"]
[Black "Hadi, Justin"]
[Result "0-1"]
[WhiteElo "1800"]
[BlackElo "2043"]
[WhiteFideId "417491"]
[BlackFideId "409154"]
[EventDate "2010.12.08"]

1. e4 c5 2. Nf3 Nc6 3. d4 cxd4 4. Nxd4 Nf6 5. Nc3 e5 6. Ndb5 d6 7. Bg5 a6 8. Na3
b5 9. Nd5 Be7 10. Nxe7 Nxe7 11. c4 Nxe4 12. Bxe7 Qa5+ 13. Ke2 Kxe7 14. Qd5 Qxa3
15. bxa3 Nc3+ 16. Ke3 Nxd5+ 17. cxd5 Bb7 18. a4 Bxd5 19. axb5 axb5 20. Bxb5 Ra3+
21. Ke2 Rha8 22. Rad1 Bxg2 23. Rhg1 Bf3+ 0-1

[Event "London Chess Classic FIDE Open"]
[Site "London ENG"]
[Date "2010.12.11"]
[Round "4"]
[White "Segura Del Frago, Imanol"]
[Black "McKerracher, Douglas"]
[Result "0-1"]
[WhiteElo "2042"]
[BlackElo "1940"]
[WhiteFideId "22244859"]
[BlackFideId "2401002"]
[EventDate "2010.12.08"]

1. d4 f5 2. c4 e6 3. e3 Nf6 4. Bd3 d5 5. Ne2 c6 6. Nbc3 Bd6 7. Qc2 O-O 8. Bd2
Qe7 9. f3 Bd7 10. O-O-O Na6 11. a3 dxc4 12. Bxc4 b5 13. Bd3 b4 14. Bxa6 bxc3 15.
Qxc3 Rab8 16. Qa5 Rb6 17. Nc3 c5 18. Na4 Bxa4 19. Qxa4 cxd4 20. exd4 Rfb8 21. b4
Nd5 22. Kc2 Bxb4 23. Kd3 Bxd2 24. Rxd2 Rb3+ 25. Kc2 Ne3+ 0-1

[Event "London Chess Classic FIDE Open"]
[Site "London ENG"]
[Date "2010.12.11"]
[Round "4"]
[White "Paez, David"]
[Black "Caorlin, Marco"]
[Result "1-0"]
[WhiteElo "2035"]
[BlackElo "1849"]
[WhiteFideId "4405196"]
[BlackFideId "1317849"]
[EventDate "2010.12.08"]

1. e4 d5 2. exd5 Nf6 3. d4 Bg4 4. Be2 Bxe2 5. Nxe2 Qxd5 6. O-O Nc6 7. c3 O-O-O
8. Nf4 Qf5 9. Qe2 e5 10. dxe5 Nxe5 11. Be3 Bd6 12. Na3 Neg4 13. Qb5 Qe4 14. Qc4
Qf5 15. Nb5 Nxe3 16. fxe3 Bc5 17. Ne6 Qd5 18. Qxc5 c6 19. Qxa7 Qxb5 20. Qa8+ Kd7
21. Nxd8 Rxd8 22. Rad1+ Nd5 23. Rxf7+ Ke8 24. Qxb7 Qc5 25. Rxg7 Qxe3+ 26. Kh1
Qe6 27. Rxh7 Qf6 28. Qg7 Qxg7 29. Rxg7 Kf8 30. Rh7 Kg8 31. Rc7 Rf8 32. Rxc6 Ne3
33. Rc1 Rf2 34. Rg6+ Kh7 35. Rg3 Nc4 36. b3 Ne5 37. a4 Rd2 38. a5 Nd3 39. Rxd3
Rxd3 40. a6 Rd6 41. Ra1 1-0

[Event "London Chess Classic FIDE Open"]
[Site "London ENG"]
[Date "2010.12.11"]
[Round "4"]
[White "McKenna, John R"]
[Black "Thomassen, Thomas"]
[Result "0-1"]
[WhiteElo "1669"]
[BlackElo "2033"]
[WhiteFideId "406180"]
[BlackFideId "1504860"]
[EventDate "2010.12.08"]

1. d4 Nf6 2. Nf3 g6 3. Bf4 Bg7 4. e3 d6 5. Be2 O-O 6. Nbd2 Nbd7 7. c3 Re8 8. Qb3
h6 9. h3 e5 10. Bh2 Qe7 11. O-O b6 12. a4 a5 13. Rfd1 Bb7 14. dxe5 dxe5 15. Nc4
Ne4 16. Bd3 Nec5 17. Qa3 e4 18. Bxe4 Nxe4 19. Bxc7 Rac8 20. Bd6 Qe6 21. Ncd2
Nxd6 22. Nd4 Bxd4 0-1

[Event "London Chess Classic FIDE Open"]
[Site "London ENG"]
[Date "2010.12.11"]
[Round "4"]
[White "Siddiqui, Nida Mishraz"]
[Black "Heaton, Paul"]
[Result "0-1"]
[WhiteElo "1791"]
[BlackElo "2029"]
[WhiteFideId "7800495"]
[BlackFideId "411116"]
[EventDate "2010.12.08"]

1. e4 e6 2. d4 d5 3. Nc3 Bb4 4. Bd3 Nc6 5. Nf3 Bd7 6. O-O Bxc3 7. bxc3 dxe4 8.
Bxe4 Nf6 9. Bxc6 Bxc6 10. Ne5 Qd5 11. f3 Bb5 12. Re1 Nd7 13. Rb1 f6 14. c4 Bxc4
15. Nxc4 Qxc4 16. Rxb7 O-O 17. Bf4 Nb6 18. Rxc7 Qxa2 19. Qe2 Rfe8 20. Bg5 Nd5
21. Rc6 fxg5 22. Rxe6 Nf6 23. Qe5 Rxe6 24. Qxe6+ Qxe6 25. Rxe6 a5 26. c4 a4 27.
Re1 a3 28. Ra1 Kf7 29. Kf2 Ke6 30. Ke3 Kd6 31. h3 Nh5 32. g4 Nf4 33. Ke4 g6 34.
h4 Re8# 0-1

[Event "London Chess Classic FIDE Open"]
[Site "London ENG"]
[Date "2010.12.11"]
[Round "4"]
[White "Lenier, Jude"]
[Black "De Luna Butz, Alberto"]
[Result "1-0"]
[WhiteElo "2006"]
[BlackElo "1846"]
[WhiteFideId "470678"]
[BlackFideId "2269007"]
[EventDate "2010.12.08"]

1. e4 e6 2. d3 d5 3. Nd2 Nf6 4. Ngf3 c5 5. g3 Nc6 6. Bg2 Be7 7. O-O O-O 8. Re1
b5 9. c3 a5 10. e5 Nd7 11. Nf1 Ba6 12. h4 b4 13. N1h2 bxc3 14. bxc3 Rb8 15. Bh3
d4 16. c4 Qc7 17. h5 Ndxe5 18. Nxe5 Nxe5 19. Rxe5 Bxc4 20. dxc4 Qxe5 21. Bf4 Qe4
22. Bxb8 Rxb8 23. Bg2 Qf5 24. g4 Qf4 25. Rb1 Rb4 26. Rxb4 axb4 27. Nf1 h6 28.
Qa4 Qxg4 29. Qe8+ Bf8 30. Ng3 Qd1+ 31. Bf1 Qc2 32. Qa8 Qb1 33. Kg2 Qc2 34. Qe4
Qxa2 35. Bd3 f6 36. Qxe6+ Kh8 37. Be4 Qa7 38. Bd5 1-0

[Event "London Chess Classic FIDE Open"]
[Site "London ENG"]
[Date "2010.12.11"]
[Round "4"]
[White "Phillips, Owen S"]
[Black "Reutimann, Hans Peter"]
[Result "1-0"]
[WhiteElo "1996"]
[BlackElo "1792"]
[WhiteFideId "417882"]
[BlackFideId "1313886"]
[EventDate "2010.12.08"]

1. e4 e5 2. Nc3 Nc6 3. g3 Nf6 4. Bg2 Bc5 5. Nf3 d6 6. d3 h6 7. O-O O-O 8. Na4
Bb6 9. Nxb6 axb6 10. Be3 Be6 11. c4 Qc8 12. Qd2 Ng4 13. Nh4 Ne7 14. f4 Nxe3 15.
Qxe3 Ng6 16. f5 Nxh4 17. gxh4 Bd7 18. f6 Bg4 19. fxg7 Kxg7 20. Qg3 Kh8 21. h3
Bh5 22. Rf6 Bg6 23. Qe3 h5 24. Qh6+ Kg8 25. a3 Qd7 26. Raf1 Rae8 27. R1f3 Re6
28. Rxe6 Qxe6 29. Rg3 Qf6 30. Qxh5 Qf4 31. Qg4 Qxg4 32. hxg4 Kg7 33. h5 Bh7 34.
g5 c6 35. Bh3 f5 36. h6+ 1-0

[Event "London Chess Classic FIDE Open"]
[Site "London ENG"]
[Date "2010.12.11"]
[Round "4"]
[White "Hayward, Alan"]
[Black "Miu, Marinel"]
[Result "1-0"]
[WhiteElo "1979"]
[BlackElo "1582"]
[WhiteFideId "415936"]
[BlackFideId "1220691"]
[EventDate "2010.12.08"]

1. d4 d5 2. Nc3 f5 3. e4 dxe4 4. Bf4 c6 5. f3 Nf6 6. fxe4 fxe4 7. Bc4 Bg4 8. Qd2
e6 9. Nge2 Bb4 10. a3 Bxc3 11. Nxc3 O-O 12. Bg5 h6 13. Bh4 g5 14. h3 Bf5 15. g4
Nd5 16. gxf5 e3 17. Qg2 Kh8 18. Bg3 Nf4 19. Bxf4 gxf4 20. O-O-O exf5 21. Qf3 Qe7
22. Qxf4 Kh7 23. Rde1 Na6 24. Rxe3 Qg5 25. Qxg5 hxg5 26. Re7+ Kh6 27. Rxb7 Nb8
28. Re1 Rh8 29. Re5 f4 30. Be2 Rg8 31. Bd3 Rh8 32. Re8 Nd7 33. Rxa8 Rxa8 34.
Rxd7 Rh8 35. Rh7+ Rxh7 36. Bxh7 Kxh7 37. Kd1 Kh6 38. Ne2 Kh5 39. Nxf4+ gxf4 40.
Ke2 a5 41. Kf3 Kh4 42. Kxf4 Kxh3 43. c4 1-0